Movies Quiz

Random Movies or Color Quiz

24 Blue Movie Posters Quiz Stats

 Plays Quiz Updated Sep 19, 2016

Challenge
Share
Tweet
Score 0/24 Timer 06:00
0 Plays Today
Hint Answer % Correct
Harry Potter and the Philosopher's Stone
96.9%
Frozen
96.4%
Up
96.4%
Finding Nemo
96.1%
Avatar
95.7%
WALL·E
93.5%
Happy Feet
92.8%
Alvin and the Chipmunks: Chipwrecked
92.3%
The Polar Express
86.4%
Cloudy With a Chance of Meatballs
85.8%
Planes
85%
How to Train Your Dragon
82.6%
Hint Answer % Correct
Chicken Little
70.6%
Blades of Glory
70.3%
Robots
68.1%
Enchanted
64.6%
The Day After Tomorrow
62.9%
Monsters vs. Aliens
57.9%
Turbo
52.8%
Big Momma's House 2
51.3%
As Good As It Gets
46.3%
Battleship
44.3%
Yes Man
33.4%
The Way Way Back
12.3%

You're not logged in!

Compare scores with friends on all Sporcle quizzes.
Join for Free
OR
Log In

You Might Also Like...

Show Comments

Extras

Top Quizzes Today


Score Distribution

Your Account Isn't Verified!

In order to create a playlist on Sporcle, you need to verify the email address you used during registration. Go to your Sporcle Settings to finish the process.

Report this User

Report this user for behavior that violates our Community Guidelines.

Details: